000 00853nam a22002057a 4500
001 EIF-V-2003-M6-006
003 OSt
005 20221114225720.0
008 221114b |||||||| |||| 00| 0 eng d
040 _aFundación Jesús Pereda
_cFundación Jesús Pereda
041 _aCastellano
100 _uUniversidad Complutense de Madrid
_aSanz Díaz, Carlos
_9401
111 _aEncuentro de Investigadores del Franquismo
_c(Albacete.
_d2003.
_n5º)
_997
245 _aLa emigración española a Alemania en los años cincuenta y el Acuerdo de Emigración de 1960
_c/Carlos Sanz Díaz
650 0 _9255
_aMovimientos migratorios
651 0 _9402
_aAlemania
773 _tActas del V Encuentro de Investigadores del Franquismo
856 _uhttps://bibliotecaccoocyl.fundacionjesuspereda.es/cgi-bin/koha/opac-retrieve-file.pl?id=0a57b0dfccb637bbf4332d0828226561
942 _2ddc
_cCF
_n0
999 _c340
_d340